00466nam a2200157Ia 4500001000500000005001700005008004100022041000800063082001300071100003300084245013800117260000900255300002800264650000800292654000800300465520260306145812.0260306t2005||||xx |||||||||||||| ||spa|| aESP a330bC24 aCampanario, SebástianeAUT 0aLa economía de lo insólito:blos descubrimientos que hoy revolucionan el mundo de los negocios y las políticas de los gobiernos c2005 a284 páginas :c20 cm. aGEN aCAN